[Event "Klatovy"]
[Site "?"]
[Date "2007.??.??"]
[Round "?"]
[White "Volak, M."]
[Black "Kubecka, D."]
[Result "0-1"]
[WhiteElo "2145"]
[BlackElo "2260"]
[PlyCount "86"]
[EventDate "2007.??.??"]

1. d4 Nf6 2. c4 g6 3. Nc3 Bg7 4. e4 d6 5. Nf3 O-O 6. Be2 e5 7. O-O Nbd7 8. Rb1
a5 9. b3 Re8 10. d5 Nc5 11. Nd2 Bh6 12. Qc2 Rf8 13. a3 Ne8 14. b4 axb4 15. axb4
Na6 16. Ba3 f5 17. Rb3 Bxd2 18. Qxd2 f4 19. Rc1 g5 20. Qd1 Nf6 21. h3 Rf7 22.
c5 Rg7 23. Bg4 Nxg4 24. hxg4 h5 25. gxh5 g4 26. Kf1 Rh7 27. Ke2 Rxh5 28. Qd3
Qg5 29. Qb1 b6 30. Nb5 bxc5 31. bxc5 dxc5 32. Kd3 Rh2 33. Rg1 Bd7 34. Nc3 Qg6
35. Rb2 Kg7 36. Qe1 Rhh8 37. Rh1 Rhb8 38. Rxb8 Rxb8 39. Qa1 Qb6 40. Rh5 Nb4+
41. Kd2 c4 42. Ne2 Nd3 43. Rxe5 Qa5+ 0-1

[Event "Klatovy"]
[Site "?"]
[Date "2007.??.??"]
[Round "?"]
[White "Pokrupa, M."]
[Black "Folk, P."]
[Result "1/2-1/2"]
[WhiteElo "2175"]
[BlackElo "2255"]
[PlyCount "103"]
[EventDate "2007.??.??"]

1. e4 c5 2. Nf3 e6 3. d4 cxd4 4. Nxd4 a6 5. g3 Qc7 6. Bg2 Nc6 7. O-O Nf6 8. Nc3
Bc5 9. Nxc6 dxc6 10. Na4 Be7 11. Be3 Nd7 12. c4 b5 13. cxb5 axb5 14. Nc3 b4 15.
Ne2 Ba6 16. Qc2 O-O 17. Rfc1 c5 18. a3 b3 19. Qd1 Rfd8 20. Nc3 c4 21. Qe2 Rac8
22. a4 Qa5 23. Nb5 Ne5 24. Rd1 Rxd1+ 25. Qxd1 Nd3 26. Bd2 Bb4 27. Bxb4 Qxb4 28.
Na7 Ra8 29. Nc6 Qc5 30. e5 Qxf2+ 31. Kh1 Qxb2 32. Qf1 Re8 33. Rb1 Qf2 34. Qxf2
Nxf2+ 35. Kg1 Ng4 36. Nb4 Bc8 37. a5 Nxe5 38. a6 Bxa6 39. Nxa6 Rc8 40. Nb4 g5
41. Kf1 c3 42. Rxb3 c2 43. Nxc2 Rxc2 44. Rb5 f6 45. Rb7 Nc4 46. Kg1 f5 47. Re7
Ne3 48. Bf3 f4 49. gxf4 gxf4 50. Rxe6 Kf7 51. Re4 Rc1+ 52. Kf2 1/2-1/2

[Event "Klatovy"]
[Site "?"]
[Date "2007.??.??"]
[Round "?"]
[White "Brom, J."]
[Black "Krejci, J."]
[Result "0-1"]
[WhiteElo "2120"]
[BlackElo "2190"]
[PlyCount "46"]
[EventDate "2007.??.??"]

1. e4 e5 2. Nf3 Nc6 3. Bb5 a6 4. Ba4 Nf6 5. d4 exd4 6. O-O Be7 7. e5 Ne4 8.
Nxd4 O-O 9. Nf5 d5 10. Bxc6 bxc6 11. Nxe7+ Qxe7 12. Re1 Bf5 13. f3 Nc5 14. b3
Ne6 15. Ba3 c5 16. Qxd5 Rfd8 17. Qc4 Rd4 18. Qe2 Rad8 19. Bc1 R4d5 20. Na3 Nd4
21. Qf2 Rxe5 22. Bf4 Re2 23. Rxe2 Nxe2+ 0-1

[Event "Klatovy"]
[Site "?"]
[Date "2007.??.??"]
[Round "?"]
[White "Vanka, M."]
[Black "Vlasak, L."]
[Result "1-0"]
[WhiteElo "2185"]
[BlackElo "2005"]
[PlyCount "65"]
[EventDate "2007.??.??"]

1. d4 d5 2. Nf3 Nf6 3. Bg5 e6 4. e3 Nbd7 5. Nbd2 Be7 6. Bd3 O-O 7. c3 c5 8. Ne5
h6 9. h4 Nxe5 10. dxe5 Nd7 11. f4 c4 12. Bc2 f6 13. exf6 Nxf6 14. Bxf6 Rxf6 15.
Qe2 b5 16. a3 Bb7 17. Nf3 b4 18. axb4 a5 19. Rxa5 Rxa5 20. bxa5 Qxa5 21. O-O
Qb6 22. Kh2 Bc6 23. Bb1 Bc5 24. Ne5 Be8 25. Ng4 Rf8 26. Qc2 Rf5 27. e4 Qd8 28.
g3 Rh5 29. Kh3 Bg6 30. Qe2 dxe4 31. Bxe4 Bxe4 32. Qxe4 Qd5 33. Qg6 1-0

[Event "Klatovy"]
[Site "?"]
[Date "2007.??.??"]
[Round "?"]
[White "Jacek, M."]
[Black "Krejci, S."]
[Result "0-1"]
[WhiteElo "2105"]
[BlackElo "2185"]
[PlyCount "100"]
[EventDate "2007.??.??"]

1. e4 e5 2. Nf3 Nf6 3. Nxe5 d6 4. Nxf7 Kxf7 5. Nc3 Be7 6. Bc4+ Be6 7. Bxe6+
Kxe6 8. d4 Rf8 9. Qe2 c6 10. f4 Kf7 11. O-O Kg8 12. f5 Nbd7 13. Be3 b5 14. Qf3
Qe8 15. g4 h6 16. Rae1 Bd8 17. Bf4 b4 18. Nd1 Be7 19. Ne3 Qb8 20. Nc4 Nb6 21.
Na5 Qc8 22. h4 d5 23. e5 Ne4 24. f6 Nxf6 25. exf6 Bxf6 26. Be5 Bxh4 27. Qxf8+
Qxf8 28. Rxf8+ Rxf8 29. Re2 Rc8 30. Bd6 Bf6 31. Bc5 Na4 32. Nb3 Nxc5 33. dxc5
Kf7 34. a3 Bxb2 35. axb4 Bc3 36. Rf2+ Ke6 37. Re2+ Kf6 38. Rf2+ Kg6 39. Rf4 Rb8
40. Na5 Bxb4 41. Nxc6 Bxc5+ 42. Kf1 Rf8 43. Rxf8 Bxf8 44. Nxa7 Kg5 45. Nb5 Kxg4
46. Nc7 g5 47. Nxd5 Kf3 48. Kg1 g4 49. Nf6 Bc5+ 50. Kf1 g3 0-1

[Event "Klatovy"]
[Site "?"]
[Date "2007.??.??"]
[Round "?"]
[White "Kaderabek, J."]
[Black "Pospisil, J."]
[Result "1-0"]
[WhiteElo "2185"]
[BlackElo "1970"]
[PlyCount "50"]
[EventDate "2007.??.??"]

1. e4 c5 2. Nf3 Nc6 3. d4 cxd4 4. Nxd4 Nf6 5. Nc3 e6 6. Ndb5 Bb4 7. Nd6+ Ke7 8.
Nxc8+ Rxc8 9. Bd3 d5 10. exd5 Bxc3+ 11. bxc3 Qxd5 12. Ba3+ Ke8 13. O-O Ne5 14.
Rb1 Nxd3 15. cxd3 b6 16. Qa4+ Qd7 17. Qf4 h5 18. c4 Rh6 19. d4 Rg6 20. h3 Rxc4
21. Rbc1 Qb7 22. g3 h4 23. Qd6 Rc5 24. dxc5 hxg3 25. c6 gxf2+ 1-0

[Event "Klatovy"]
[Site "?"]
[Date "2007.??.??"]
[Round "?"]
[White "Krejci, J."]
[Black "Trmal, J."]
[Result "1/2-1/2"]
[WhiteElo "2100"]
[BlackElo "2320"]
[PlyCount "68"]
[EventDate "2007.??.??"]

1. d4 Nf6 2. c4 e6 3. Nc3 Bb4 4. Qc2 c5 5. dxc5 Na6 6. a3 Bxc3+ 7. Qxc3 Nxc5 8.
f3 a5 9. e4 d6 10. Be3 Qc7 11. Ne2 O-O 12. Nd4 b6 13. Nb5 Qc6 14. Rd1 Rd8 15.
Bg5 e5 16. Be2 Ne6 17. Be3 Ba6 18. a4 Rd7 19. O-O Rc8 20. Rd2 Ne8 21. Rfd1 Nc5
22. b3 Rcd8 23. Bf1 Bb7 24. Bg5 f6 25. Be3 Ba8 26. Bf2 Rf7 27. Qc2 Rfd7 28. Ra1
g5 29. Nc3 Qc8 30. Nd5 Bxd5 31. Rxd5 Nc7 32. Rd2 N5a6 33. Re1 Nb4 34. Qc3 Rg7
1/2-1/2

[Event "Klatovy"]
[Site "?"]
[Date "2007.??.??"]
[Round "?"]
[White "Jaros, M."]
[Black "Forman, M."]
[Result "1-0"]
[WhiteElo "2195"]
[BlackElo "2060"]
[PlyCount "37"]
[EventDate "2007.??.??"]

1. e4 c5 2. c3 e6 3. d4 cxd4 4. cxd4 Nf6 5. Nc3 Bb4 6. Bd3 d6 7. Nf3 O-O 8. O-O
h6 9. Qe2 Nc6 10. e5 dxe5 11. dxe5 Nd7 12. Rd1 Bxc3 13. bxc3 Qa5 14. Qe4 f5 15.
exf6 Nxf6 16. Qc4 Qh5 17. Ba3 Rf7 18. Bc2 Ng4 19. Qxc6 1-0

[Event "Klatovy"]
[Site "?"]
[Date "2007.??.??"]
[Round "?"]
[White "Framberk, J."]
[Black "Blecha, M."]
[Result "1/2-1/2"]
[WhiteElo "2075"]
[BlackElo "2190"]
[PlyCount "45"]
[EventDate "2007.??.??"]

1. e4 c5 2. Nf3 e6 3. d4 cxd4 4. Nxd4 a6 5. Nc3 Qc7 6. Be2 Nf6 7. O-O Nc6 8.
Be3 Bb4 9. Na4 Nxe4 10. Nxc6 Qxc6 11. Nb6 Rb8 12. Qd4 Bf8 13. Bf3 f5 14. Bf4 d6
15. Rfe1 Kf7 16. Nc4 Qd5 17. Qa7 Qxc4 18. Qxb8 e5 19. Bxe4 fxe4 20. Be3 Be7 21.
a3 Rf8 22. Qa7 Bd8 23. b3 1/2-1/2

[Event "Klatovy"]
[Site "?"]
[Date "2007.??.??"]
[Round "?"]
[White "Hlavac, R."]
[Black "Herejk, P."]
[Result "1-0"]
[WhiteElo "2095"]
[BlackElo "2160"]
[PlyCount "143"]
[EventDate "2007.??.??"]

1. e4 c5 2. Nf3 Nc6 3. d4 cxd4 4. Nxd4 Nf6 5. Nc3 d6 6. Bc4 e6 7. O-O Be7 8.
Kh1 a6 9. a4 Qb6 10. Nxc6 bxc6 11. Bb3 O-O 12. f4 Nd7 13. a5 Qc7 14. Qe1 Bb7
15. Qg3 d5 16. e5 f5 17. exf6 Bxf6 18. Na4 Qxa5 19. Be3 Qc7 20. c3 c5 21. Bc2
d4 22. Qh3 dxe3 23. Bxh7+ Kf7 24. Qxe3 Qc6 25. Rf2 Rh8 26. Bc2 Rh6 27. h3 Rah8
28. Kh2 Bd8 29. Rd2 Bc7 30. Be4 Nf6 31. Bxc6 Ng4+ 32. Kg1 Nxe3 33. Bxb7 Bxf4
34. Nxc5 Nf5 35. Rd7+ Ke8 36. Rxa6 Be3+ 37. Kf1 Bxc5 38. Bc6 Ne7 39. Rd5+ Nxc6
40. Rxc5 Ne7 41. Ra7 Kf7 42. Rcc7 Re8 43. b4 e5 44. b5 Rd6 45. c4 Ke6 46. c5
Rd2 47. Ra6+ Kf5 48. b6 Rb2 49. b7 Rd8 50. Rd6 Rb8 51. Rxe7 R8xb7 52. Rxb7 Rxb7
53. c6 Rb1+ 54. Ke2 Rc1 55. Ke3 Rc3+ 56. Kd2 Rc5 57. Kd3 g5 58. g3 Rc1 59. Rh6
Rc5 60. h4 gxh4 61. gxh4 Rc1 62. h5 Kg5 63. Re6 Kxh5 64. Ke4 Kg5 65. Kxe5 Rc2
66. Kd6 Kf5 67. Re1 Kf6 68. Rf1+ Kg7 69. Kd7 Rd2+ 70. Kc8 Rc2 71. c7 Rb2 72.
Rf4 1-0

[Event "Klatovy"]
[Site "?"]
[Date "2007.??.??"]
[Round "?"]
[White "Hadrava, J."]
[Black "Stluka, F."]
[Result "0-1"]
[WhiteElo "1870"]
[BlackElo "2145"]
[PlyCount "52"]
[EventDate "2007.??.??"]

1. e4 e5 2. Nc3 Nf6 3. f4 d5 4. fxe5 Nxe4 5. d3 Nxc3 6. bxc3 d4 7. Nf3 Nc6 8.
cxd4 Nxd4 9. c3 Nxf3+ 10. Qxf3 Be7 11. d4 c6 12. Bd3 Be6 13. O-O Qd7 14. Be3
O-O 15. Qh5 g6 16. Qh6 f5 17. exf6 Bxf6 18. d5 Bxd5 19. Rxf6 Rxf6 20. Bd4 Qg4
21. Qd2 Rf7 22. Re1 b6 23. h3 Qh4 24. Be3 Re8 25. Re2 Qg3 26. c4 Bxg2 0-1

[Event "Klatovy"]
[Site "?"]
[Date "2007.??.??"]
[Round "?"]
[White "Novotny, J."]
[Black "Folkova, M."]
[Result "1-0"]
[WhiteElo "2055"]
[BlackElo "2195"]
[PlyCount "59"]
[EventDate "2007.??.??"]

1. e4 g6 2. d4 c6 3. Nf3 d5 4. Nc3 Bg4 5. exd5 cxd5 6. Bb5+ Nc6 7. h3 Bxf3 8.
Qxf3 e6 9. O-O Bg7 10. Re1 Nge7 11. Bg5 O-O 12. Bxc6 bxc6 13. Rad1 Re8 14. Na4
Qa5 15. b3 Bxd4 16. b4 Qxb4 17. c3 Bxf2+ 18. Qxf2 Qxa4 19. Qf6 h6 20. Bxh6 Nf5
21. Bg5 Reb8 22. g4 Ng7 23. Bh6 Ne8 24. Qe7 Qa6 25. Qf8+ Kh7 26. Qxf7+ Kxh6 27.
g5+ Kh5 28. Rd4 Ng7 29. Qf3+ Kxg5 30. Qf4+ 1-0

[Event "Klatovy"]
[Site "?"]
[Date "2007.??.??"]
[Round "?"]
[White "Paldus, P."]
[Black "Erneker, J."]
[Result "1/2-1/2"]
[WhiteElo "2045"]
[BlackElo "2155"]
[PlyCount "134"]
[EventDate "2007.??.??"]

1. e4 c5 2. f4 Nc6 3. Nf3 g6 4. Be2 Bg7 5. O-O d6 6. c4 e6 7. Nc3 Nge7 8. d3
O-O 9. Qe1 Nd4 10. Nxd4 cxd4 11. Nd1 f5 12. Rb1 Qc7 13. g4 Bd7 14. exf5 exf5
15. g5 Rfe8 16. Bf3 Bc6 17. Qf2 a5 18. b3 Bxf3 19. Qxf3 Qc6 20. Ba3 Nc8 21.
Qxc6 bxc6 22. Kf2 c5 23. Re1 Rxe1 24. Kxe1 h6 25. h4 Ne7 26. Bc1 Nc6 27. Bd2
Kf7 28. Nb2 hxg5 29. hxg5 Rh8 30. Rd1 Bf8 31. Kf2 Be7 32. Kg3 Bd8 33. Re1 Bc7
34. Re2 Rh1 35. Re1 Rh5 36. Re2 Rh1 37. Re1 Rh8 38. Re2 Nd8 39. Rh2 Rxh2 40.
Kxh2 Ne6 41. Kg3 Ke7 42. Kf3 Kd7 43. Bc1 Nd8 44. Bd2 Nc6 45. Na4 Ne7 46. Nb2
Kc6 47. Kg3 Kb7 48. Kf3 Ka6 49. Na4 Nc8 50. Nb2 Bd8 51. Na4 Bc7 52. Nb2 Nb6 53.
Kg3 d5 54. Kf3 dxc4 55. bxc4 a4 56. a3 Bd8 57. Be1 Nd7 58. Nxa4 Ba5 59. Bxa5
Kxa5 60. Nb2 Nb6 61. Ke2 Na4 62. Nd1 Nb6 63. Nb2 Nd7 64. Kf3 Kb6 65. Ke2 Ka6
66. Kd2 Ka5 67. Ke2 Nf8 1/2-1/2

[Event "Klatovy"]
[Site "?"]
[Date "2007.??.??"]
[Round "?"]
[White "Danek, V."]
[Black "Gdovin, J."]
[Result "0-1"]
[WhiteElo "2020"]
[BlackElo "2115"]
[PlyCount "40"]
[EventDate "2007.??.??"]

1. e4 e6 2. d3 d5 3. Nd2 Nf6 4. Ngf3 b6 5. g3 Bb7 6. e5 Nfd7 7. Bg2 c5 8. O-O
Nc6 9. Re1 Qc7 10. Qe2 Be7 11. Nf1 h6 12. h4 g5 13. hxg5 hxg5 14. N1h2 O-O-O
15. Ng4 Rdg8 16. c3 Rh5 17. Bd2 Rgh8 18. Rec1 d4 19. Qd1 Ncxe5 20. Nfxe5 Rh1+
0-1

[Event "Klatovy"]
[Site "?"]
[Date "2007.??.??"]
[Round "?"]
[White "Huttner, M."]
[Black "Grill, R."]
[Result "0-1"]
[WhiteElo "1980"]
[BlackElo "2110"]
[PlyCount "98"]
[EventDate "2007.??.??"]

1. e4 e5 2. Nf3 Nc6 3. Bb5 a6 4. Ba4 Nf6 5. O-O Be7 6. Re1 b5 7. Bb3 O-O 8. a4
Bb7 9. d3 d6 10. c3 Nb8 11. Nbd2 Nbd7 12. Nf1 Nc5 13. Bc2 bxa4 14. Ng3 Nfd7 15.
d4 Nb3 16. Rxa4 Nxc1 17. Qxc1 g6 18. Qa1 Bf6 19. Bd3 Qc8 20. b4 c5 21. d5 Bg7
22. Nd2 Nb6 23. Ra3 cxb4 24. cxb4 Nxd5 25. Rc1 Qd8 26. Bxa6 Bxa6 27. Rxa6 Nxb4
28. Rxa8 Qxa8 29. Qxa8 Rxa8 30. Rb1 Nd3 31. Nc4 Bf8 32. Rd1 Nf4 33. h3 Rc8 34.
Ne3 Kg7 35. Rd2 Rc1+ 36. Kh2 Re1 37. Nc4 h5 38. Nh1 Rxe4 39. Nxd6 Bxd6 40. Rxd6
Rd4 41. Ra6 Rd2 42. Ra4 f5 43. Ra1 Nd3 44. Kg1 e4 45. g3 Kh6 46. Rf1 Re2 47. f3
e3 48. f4 Rd2 49. g4 e2 0-1

[Event "Klatovy"]
[Site "?"]
[Date "2007.??.??"]
[Round "?"]
[White "Ondrejat, M."]
[Black "Kracik, D."]
[Result "0-1"]
[WhiteElo "2110"]
[BlackElo "2050"]
[PlyCount "28"]
[EventDate "2007.??.??"]

1. d4 d5 2. c4 e6 3. Nc3 c5 4. cxd5 cxd4 5. Qa4+ b5 6. Nxb5 Bd7 7. dxe6 fxe6 8.
e3 Nc6 9. Nxd4 Bb4+ 10. Kd1 e5 11. Bb5 Nge7 12. Nxc6 Bg4+ 13. Kc2 Qd1+ 14. Kb1
Bf5+ 0-1

[Event "Klatovy"]
[Site "?"]
[Date "2007.??.??"]
[Round "?"]
[White "Jonas, V."]
[Black "Havlikova, K."]
[Result "0-1"]
[WhiteElo "1985"]
[BlackElo "2100"]
[PlyCount "48"]
[EventDate "2007.??.??"]

1. e4 c5 2. Nf3 Nc6 3. d4 cxd4 4. Nxd4 g6 5. Be2 Bg7 6. Nb3 Nf6 7. Nc3 O-O 8.
O-O d6 9. Bg5 h6 10. Bh4 a6 11. a4 Be6 12. Nd4 Nxd4 13. Qxd4 Nd5 14. Qd2 Nxc3
15. bxc3 Rc8 16. Rab1 Qd7 17. c4 g5 18. Bg3 Bxc4 19. Bxc4 Rxc4 20. Qd5 Qxa4 21.
Rxb7 Rxe4 22. c4 Rd4 23. Qf3 e5 24. h3 Qxc4 0-1

[Event "Klatovy"]
[Site "?"]
[Date "2007.??.??"]
[Round "?"]
[White "Hacaperkova, L."]
[Black "Cuhra, M."]
[Result "1/2-1/2"]
[WhiteElo "1965"]
[BlackElo "2090"]
[PlyCount "33"]
[EventDate "2007.??.??"]

1. e4 d5 2. exd5 Nf6 3. Bb5+ Bd7 4. Be2 Nxd5 5. d4 Bf5 6. c3 e6 7. Nf3 Be7 8.
O-O Nd7 9. Nbd2 O-O 10. Nc4 N7f6 11. h3 c5 12. Ne3 Be4 13. Nxd5 Nxd5 14. dxc5
Qc7 15. Bd3 Bxd3 16. Qxd3 Qxc5 17. Qd4 1/2-1/2

[Event "Klatovy"]
[Site "?"]
[Date "2007.??.??"]
[Round "?"]
[White "Turner, R."]
[Black "Rakous, P."]
[Result "1-0"]
[WhiteElo "2085"]
[BlackElo "2010"]
[PlyCount "61"]
[EventDate "2007.??.??"]

1. c4 g6 2. g3 Bg7 3. Bg2 d6 4. Nc3 c6 5. e4 h5 6. h4 Bg4 7. f3 Be6 8. d3 b5 9.
cxb5 a6 10. bxc6 Nxc6 11. Nge2 Qa5 12. O-O Rb8 13. d4 Bc4 14. Kh2 g5 15. d5 Ne5
16. hxg5 f6 17. g6 Nxg6 18. Rf2 Ne5 19. Nf4 Qb6 20. Rc2 Nh6 21. Bf1 Nhg4+ 22.
Kg2 Ne3+ 23. Bxe3 Qxe3 24. Bxc4 Nxc4 25. Qe2 f5 26. Qxc4 h4 27. Re2 h3+ 28. Kh2
Qxf3 29. exf5 Be5 30. Qd3 Qg4 31. Ng6 1-0

[Event "Klatovy"]
[Site "?"]
[Date "2007.??.??"]
[Round "?"]
[White "Vevera, R."]
[Black "Kovar, P."]
[Result "1/2-1/2"]
[WhiteElo "2080"]
[BlackElo "2005"]
[PlyCount "33"]
[EventDate "2007.??.??"]

1. e4 c5 2. Nf3 d6 3. d4 cxd4 4. Nxd4 Nf6 5. Nc3 g6 6. Be3 Bg7 7. f3 O-O 8. Qd2
Nc6 9. Bc4 Nd7 10. O-O-O Nde5 11. Bb3 Na5 12. Qe2 Bd7 13. h4 Rc8 14. h5 Nec4
15. hxg6 fxg6 16. Bg5 Rf7 17. Nd5 1/2-1/2

[Event "Klatovy"]
[Site "?"]
[Date "2007.??.??"]
[Round "?"]
[White "Vlcek, M."]
[Black "Palkova, K."]
[Result "1/2-1/2"]
[WhiteElo "1890"]
[BlackElo "2070"]
[PlyCount "40"]
[EventDate "2007.??.??"]

1. b3 d5 2. e3 e5 3. Bb2 Bd6 4. Nf3 Qe7 5. c4 d4 6. exd4 exd4+ 7. Qe2 c5 8. d3
Nc6 9. a3 Bg4 10. Qxe7+ Ngxe7 11. Nbd2 O-O 12. g3 Ng6 13. O-O-O Nge5 14. Nxe5
Nxe5 15. f4 Nd7 16. Re1 Rae8 17. Bg2 b6 18. Ne4 Bc7 19. h3 Be6 20. Rhf1 f5
1/2-1/2

[Event "Klatovy"]
[Site "?"]
[Date "2007.??.??"]
[Round "?"]
[White "Grabarczyk, S."]
[Black "Cecil, P."]
[Result "1-0"]
[WhiteElo "1860"]
[BlackElo "2040"]
[PlyCount "85"]
[EventDate "2007.??.??"]

1. d4 d5 2. c3 Nf6 3. Nf3 g6 4. Nbd2 Bg7 5. e3 b6 6. Bb5+ c6 7. Bd3 Ba6 8. Qe2
Bxd3 9. Qxd3 O-O 10. O-O Nbd7 11. Re1 Qc7 12. e4 dxe4 13. Nxe4 Rfe8 14. Bg5
Rad8 15. Bxf6 Nxf6 16. Rad1 c5 17. Qc4 Nxe4 18. Rxe4 Qb7 19. Rde1 cxd4 20. cxd4
Bf6 21. g4 Qd5 22. Qc7 Rd7 23. Qf4 Bg7 24. b3 e6 25. g5 Rc8 26. h4 Qf5 27. Qe3
Rdc7 28. Rf4 Qa5 29. h5 gxh5 30. Rh4 Qf5 31. Rf4 Qa5 32. Kg2 Rc3 33. Qe4 Rc1
34. Rxc1 Rxc1 35. Qa8+ Bf8 36. Qb7 f5 37. gxf6 Qb5 38. f7+ Kg7 39. Qe4 Bd6 40.
f8=Q+ Bxf8 41. Qxe6 Qf1+ 42. Kg3 h4+ 43. Rxh4 1-0

[Event "Klatovy"]
[Site "?"]
[Date "2007.??.??"]
[Round "?"]
[White "Pravdik, K."]
[Black "Snaidr, J."]
[Result "1/2-1/2"]
[WhiteElo "2015"]
[BlackElo "2000"]
[PlyCount "39"]
[EventDate "2007.??.??"]

1. d4 Nf6 2. c4 d6 3. Nc3 Nbd7 4. e4 e5 5. Nf3 Be7 6. Be2 O-O 7. O-O c6 8. b3
Qc7 9. a4 Re8 10. d5 Nf8 11. Ne1 Ng6 12. Nd3 Qd7 13. b4 a5 14. b5 c5 15. Ra3
Bd8 16. Qe1 Qe7 17. Bg5 h6 18. Bd2 b6 19. f3 Rf8 20. Nd1 1/2-1/2

[Event "Klatovy"]
[Site "?"]
[Date "2007.??.??"]
[Round "?"]
[White "Rezac, J."]
[Black "Rmoutil, M."]
[Result "0-1"]
[WhiteElo "1765"]
[BlackElo "2005"]
[PlyCount "102"]
[EventDate "2007.??.??"]

1. d4 d5 2. c4 e6 3. e3 Nf6 4. Nc3 Nbd7 5. Nf3 c6 6. Be2 Be7 7. O-O dxc4 8.
Bxc4 b5 9. Bb3 O-O 10. Qe2 Bb7 11. Bc2 b4 12. Ne4 c5 13. Nxf6+ Nxf6 14. dxc5
Bxc5 15. b3 Qb6 16. Bb2 Be7 17. Bd4 Qa5 18. Ne5 Rac8 19. Nc4 Qd5 20. f3 Ba6 21.
Bd3 Nd7 22. Rfd1 Nc5 23. Bxc5 Qxc5 24. Rac1 Bg5 25. Re1 Rfd8 26. Kh1 Rd7 27. f4
Bf6 28. Red1 Rdc7 29. h3 Bc3 30. Rc2 g6 31. Rdc1 Rd8 32. Rd1 Rcd7 33. Nb2 Rxd3
34. Rxd3 Rxd3 35. Nxd3 Qd6 36. Rc1 Qxd3 37. Qxd3 Bxd3 38. Rd1 Bb5 39. Kg1 Kf8
40. Kf2 Ke7 41. e4 Bc6 42. Ke3 f5 43. exf5 gxf5 44. g4 Be4 45. g5 Bd5 46. h4 a5
47. h5 a4 48. Rb1 a3 49. Ke2 Bb2 50. Kd2 Bxb3 51. axb3 Bc3+ 0-1

[Event "Klatovy"]
[Site "?"]
[Date "2007.??.??"]
[Round "?"]
[White "Novak, J."]
[Black "Hruska, O."]
[Result "1-0"]
[WhiteElo "2000"]
[BlackElo "1880"]
[PlyCount "53"]
[EventDate "2007.??.??"]

1. d4 Nf6 2. Nf3 c5 3. d5 d6 4. c4 b5 5. cxb5 a6 6. bxa6 Bxa6 7. Nc3 g6 8. e4
Bxf1 9. Kxf1 Nbd7 10. g3 Bg7 11. Kg2 O-O 12. Rb1 Qa5 13. Bd2 Nb6 14. b3 Nfd7
15. Na4 Qa6 16. Nxb6 Nxb6 17. a4 c4 18. a5 c3 19. Bxc3 Bxc3 20. axb6 Qxb6 21.
Qd3 Bf6 22. Rhc1 Ra2 23. Rc2 Rfa8 24. Qe2 R2a3 25. b4 R8a5 26. Nd2 Ra1 27. bxa5
1-0

[Event "Klatovy"]
[Site "?"]
[Date "2007.??.??"]
[Round "?"]
[White "Muhlbauer, H."]
[Black "Boleslav, P."]
[Result "0-1"]
[WhiteElo "1785"]
[BlackElo "2105"]
[PlyCount "224"]
[EventDate "2007.??.??"]

1. d4 Nf6 2. Nf3 e6 3. c4 b6 4. a3 Bb7 5. Nc3 Be7 6. e3 O-O 7. Be2 d6 8. O-O
Nbd7 9. b3 c5 10. Bb2 Ne8 11. Qd2 f5 12. Ne1 Nef6 13. f4 Ne4 14. Qc2 Ndf6 15.
Nxe4 Nxe4 16. Nf3 g5 17. Nd2 gxf4 18. Nxe4 Bxe4 19. Bd3 Bxd3 20. Qxd3 cxd4 21.
exd4 Bg5 22. Rae1 Qd7 23. Bc1 Rae8 24. Bxf4 Bxf4 25. Rxf4 Rf6 26. Qd2 Qg7 27.
Rf2 Kh8 28. Ree2 e5 29. dxe5 dxe5 30. Qc2 e4 31. Qd2 Qe7 32. Qd4 Qe5 33. Rxe4
fxe4 34. Qxe5 Rxe5 35. Rxf6 Kg7 36. Rd6 e3 37. Kf1 Rf5+ 38. Ke2 Rf2+ 39. Kxe3
Rxg2 40. Rd7+ Kg6 41. Rxa7 Rxh2 42. Ra6 Rh3+ 43. Kf4 Rxb3 44. c5 Kh5 45. cxb6
Kh4 46. b7 h5 47. Ra7 Kh3 48. Kg5 h4 49. Ra4 Rb5+ 50. Kf4 Rxb7 51. Kf3 Rf7+ 52.
Ke2 Kg3 53. Ra8 Rf2+ 54. Ke3 Ra2 55. a4 Kg2 56. Rg8+ Kh2 57. Rg4 h3 58. Kf3 Ra1
59. Kf2 Kh1 60. Rh4 Ra2+ 61. Kf1 Kh2 62. Rg4 Rg2 63. Rh4 Rg5 64. Rf4 Kg3 65.
Rf2 h2 66. Rg2+ Kh3 67. Rxg5 h1=Q+ 68. Kf2 Qe4 69. Rg3+ Kh4 70. Re3 Qxa4 71.
Kf3 Qd1+ 72. Re2 Qf1+ 73. Ke3 Kg4 74. Rf2 Qg1 75. Ke2 Qc1 76. Kd3 Qa3+ 77. Ke2
Qc3 78. Rg2+ Kf4 79. Rf2+ Kg3 80. Rf1 Qc4+ 81. Ke1 Kg2 82. Rf2+ Kg1 83. Rc2 Qd3
84. Rg2+ Kh1 85. Rd2 Qb1+ 86. Ke2 Kg2 87. Ke3+ Kg3 88. Ke2 Qe4+ 89. Kd1 Kf3 90.
Kc1 Ke3 91. Rc2 Qb4 92. Rb2 Qa3 93. Kb1 Kd3 94. Rd2+ Kc3 95. Rb2 Qa4 96. Rc2+
Kd3 97. Rg2 Qb4+ 98. Rb2 Qa5 99. Rb3+ Kc4 100. Rb2 Kc3 101. Rc2+ Kd3 102. Rb2
Qe1+ 103. Ka2 Qe6+ 104. Kb1 Qe4 105. Ka2 Qa4+ 106. Kb1 Kc3 107. Rh2 Qb4+ 108.
Ka1 Qa4+ 109. Kb1 Qe4+ 110. Ka2 Qe6+ 111. Kb1 Qb6+ 112. Ka1 Qg1+ 0-1

[Event "Klatovy"]
[Site "?"]
[Date "2007.??.??"]
[Round "?"]
[White "Skopec, L."]
[Black "Peniska, P."]
[Result "1/2-1/2"]
[WhiteElo "1850"]
[BlackElo "2015"]
[PlyCount "67"]
[EventDate "2007.??.??"]

1. e4 c5 2. f4 Nc6 3. Nf3 Nf6 4. Nc3 d6 5. d3 g6 6. Be3 Bg7 7. h3 O-O 8. Qd2 a6
9. a4 Rb8 10. Be2 b5 11. axb5 axb5 12. O-O b4 13. Nd1 Bb7 14. f5 Nd7 15. Bh6
Nde5 16. Bxg7 Nxf3+ 17. Rxf3 Kxg7 18. Rg3 Ra8 19. Rxa8 Qxa8 20. Bh5 Ne5 21. Qg5
Qd8 22. Ne3 f6 23. Qf4 g5 24. h4 h6 25. hxg5 hxg5 26. Rxg5+ fxg5 27. Qxg5+ Kh7
28. Bg6+ Nxg6 29. Qxg6+ Kh8 30. Qh5+ Kg7 31. Qg5+ Kh7 32. Qg6+ Kh8 33. Qh5+ Kg7
34. Qg6+ 1/2-1/2

[Event "Klatovy"]
[Site "?"]
[Date "2007.??.??"]
[Round "?"]
[White "Nguyen, D."]
[Black "Skoda, M."]
[Result "0-1"]
[WhiteElo "1820"]
[BlackElo "1995"]
[PlyCount "68"]
[EventDate "2007.??.??"]

1. e4 Nc6 2. Nf3 d6 3. d4 Nf6 4. Nc3 Bg4 5. Be2 e6 6. h3 Bh5 7. Be3 Be7 8. Qd2
Qd7 9. d5 exd5 10. exd5 Bxf3 11. Bxf3 Ne5 12. Be2 a6 13. a4 h5 14. Bd4 Qf5 15.
f4 Ng6 16. Be3 Ne4 17. Nxe4 Qxe4 18. O-O Qf5 19. Bd3 Qd7 20. Qb4 O-O 21. f5 Ne5
22. Be2 h4 23. f6 Bxf6 24. Rxf6 gxf6 25. Qxh4 Ng6 26. Qh6 Rfe8 27. Rf1 Qe7 28.
Rf3 Qf8 29. Qh5 Re5 30. Qg4 Rae8 31. Qg3 Qe7 32. Kf2 Rg5 33. Qh2 Nh4 34. Rg3
Nf5 0-1

[Event "Klatovy"]
[Site "?"]
[Date "2007.??.??"]
[Round "?"]
[White "Hlavnicka, J."]
[Black "Jakl, A."]
[Result "1/2-1/2"]
[WhiteElo "1995"]
[BlackElo "1965"]
[PlyCount "78"]
[EventDate "2007.??.??"]

1. e4 c6 2. d4 d5 3. Nd2 dxe4 4. Nxe4 Nf6 5. Nxf6+ exf6 6. Nf3 Be6 7. c3 Bd6 8.
Bd3 Nd7 9. Be3 Qc7 10. Qc2 O-O-O 11. Qa4 a6 12. h3 Nb6 13. Qc2 Nd5 14. O-O-O g6
15. Nd2 Qa5 16. Bc4 Nxe3 17. fxe3 Bxc4 18. Nxc4 Qxa2 19. Qe2 Qb3 20. Nxd6+ Rxd6
21. e4 Re8 22. Rhf1 f5 23. e5 Rd5 24. g4 Ra5 25. Qc2 Ra1+ 26. Kd2 Rxd1+ 27.
Kxd1 Qxc2+ 28. Kxc2 fxg4 29. Rxf7 g3 30. Rf3 g2 31. Rg3 Rf8 32. Rxg2 Rf3 33.
Rh2 Kd7 34. Kd2 Ke6 35. Ke2 Rf5 36. Ke3 Rh5 37. Kf4 Rh4+ 38. Kg3 Rh5 39. Kg4
Rf5 1/2-1/2

[Event "Klatovy"]
[Site "?"]
[Date "2007.??.??"]
[Round "?"]
[White "Cekan, P."]
[Black "Hruska, J."]
[Result "1/2-1/2"]
[WhiteElo "1970"]
[BlackElo "1850"]
[PlyCount "85"]
[EventDate "2007.??.??"]

1. d4 Nf6 2. c4 g6 3. g3 c6 4. Bg2 d5 5. Nc3 Bg7 6. Qa4 O-O 7. Nf3 Nbd7 8. cxd5
Nb6 9. Qb3 cxd5 10. Ne5 e6 11. O-O Nfd7 12. Nxd7 Bxd7 13. Rd1 Bc6 14. Qc2 Rc8
15. b3 Re8 16. Ba3 Qc7 17. Rac1 a6 18. Qd3 Qd7 19. Bc5 Na8 20. a4 Bf8 21. Bxf8
Kxf8 22. h4 Qe7 23. Bf3 Kg7 24. e4 Nc7 25. e5 f5 26. Ne2 h6 27. Nf4 Rg8 28. Rc5
Kf7 29. Rdc1 a5 30. Qc3 Na6 31. Rxa5 b6 32. Qxc6 Rxc6 33. Rxc6 bxa5 34. Rxa6
Rd8 35. Nd3 Qa3 36. Nc5 Qa1+ 37. Kg2 Re8 38. Nxe6 Rxe6 39. Bxd5 Qxd4 40. Bc4
Qe4+ 41. Kg1 Qe1+ 42. Kg2 Qe4+ 43. Kg1 1/2-1/2

[Event "Klatovy"]
[Site "?"]
[Date "2007.??.??"]
[Round "?"]
[White "Valdman, J."]
[Black "Lexa, V."]
[Result "0-1"]
[WhiteElo "1835"]
[BlackElo "1955"]
[PlyCount "42"]
[EventDate "2007.??.??"]

1. e4 c5 2. Nf3 d6 3. d4 cxd4 4. Nxd4 Nf6 5. Nc3 a6 6. Bg5 e6 7. f4 Qb6 8. Nb3
Nbd7 9. Qd2 Be7 10. O-O-O Qc7 11. f5 O-O 12. Be2 b5 13. Bf4 b4 14. Nb1 Nxe4 15.
Qe3 Bb7 16. fxe6 fxe6 17. N1d2 Ndc5 18. Bc4 Nxb3+ 19. Bxb3 Nc5 20. Bxe6+ Nxe6
21. Qxe6+ Kh8 0-1